000 00345 a2200157 4500
001 192786
020 _a978-85-8392-116-5
040 _cMagnum
100 _aMuniz, Flávia
240 1 0 _aAventura no supermercado
_lpor
245 1 0 _aAventura no supermercado
300 _a14
362 0 _a2017
697 _aLITERATURA INFANTO
942 _cBK
999 _c192786
_d192786